Central Library OPAC University of Rajshahi

Inventory systems / (Record no. 75996)

MARC details
000 -LEADER
fixed length control field 00741nam a2200277 a 4500
001 - CONTROL NUMBER
control field 75996
003 - CONTROL NUMBER IDENTIFIER
rucl marc code BD-RjUL
005 - DATE AND TIME OF LATEST TRANSACTION
control field 20211209082756.0
008 - FIXED-LENGTH DATA ELEMENTS--GENERAL INFORMATION
fixed length control field 191001s1966 nyua b 000 0 eng
035 ## - SYSTEM CONTROL NUMBER
System control number (BD-RjUL)76215
System control number (OCoLC)204186
040 ## - CATALOGING SOURCE
Original cataloging agency DLC
Transcribing agency OClU
Modifying agency OCoLC
-- Uk
-- DLC
-- BD-RjUL
Language of cataloging eng
041 ## - LANGUAGE CODE
Language code of text/sound track or separate title eng
042 ## - AUTHENTICATION CODE
Authentication code premarc
082 ## - DEWEY DECIMAL CLASSIFICATION NUMBER
Edition number 23
Classification number 658.787
Author mark and year NAI 1966
100 1# - MAIN ENTRY--PERSONAL NAME
Personal name Naddor, Eliezer.
9 (RLIN) 233349
245 10 - TITLE STATEMENT
Title Inventory systems /
Statement of responsibility, etc. Eliezer Naddor.
260 ## - PUBLICATION, DISTRIBUTION, ETC. (IMPRINT)
Place of publication, distribution, etc. New York:
Name of publisher, distributor, etc. Wiley,
Date of publication, distribution, etc. c1966.
300 ## - PHYSICAL DESCRIPTION
Pagination xiv, 341 p.:
Illustrations illus.;
Size 24 cm.
504 ## - BIBLIOGRAPHY, ETC. NOTE
Bibliography, etc Bibliography: p. 329-332.
650 #0 - SUBJECT ADDED ENTRY--TOPICAL TERM
Topical term or geographic name as entry element Inventories.
9 (RLIN) 233350
942 ## - ADDED ENTRY ELEMENTS (KOHA)
Source of classification or shelving scheme Dewey Decimal Classification
Koha item type Books
Holdings
Lost status Source of classification or shelving scheme Damaged status Not for loan Collection code Permanent Location Current Location Shelving location Date acquired Source of acquisition Cost, normal purchase price Total Checkouts Full call number Date last seen Copy number Koha item type
  Dewey Decimal Classification   Not For Loan Non-fiction Central Library, University of Rajshahi Central Library, University of Rajshahi Reading Room 30/05/1974 National Book Agency 140.00   658.787 NAI 1966 01/10/2019 C-1 Books